| 000 | 01097nam a2200325 i 4500 | ||
|---|---|---|---|
| 001 | 000032085 | ||
| 003 | DO-SdBNP | ||
| 005 | 20240305135410.0 | ||
| 007 | ta | ||
| 008 | 110712s2002 dr 000 f spa d | ||
| 020 | _a9580469725 | ||
| 040 |
_aDO-SdBNP _bspa _cBNPHU _erda |
||
| 049 | _aBNPD | ||
| 082 | 4 |
_bG216c _222 |
|
| 100 | 1 |
_aGarcía Márquez, Gabriel, _b1928-2014 _d1928- _eautor _91804 |
|
| 245 | 1 | 0 |
_aCrónica de una muerte anunciada / _cGabriel García Márquez ; editor, Iván Hernández Arbeláez ; ilustración, Miguel Cárdenas |
| 250 | _a3a ed. | ||
| 264 | 4 |
_aColombia : _bNorma, _c2002. |
|
| 300 |
_a88 páginas ; _c21 cm. |
||
| 336 |
_2rdacontent _atexto _btxt |
||
| 337 |
_2rdamedia _asin mediación _bn |
||
| 338 |
_2rdacarrier _avolumen _bnc |
||
| 501 | _aPublicado CON ; Gabriel García Márquez y su obra | ||
| 563 | _aDos encuadernadas juntas con paginación invertida | ||
| 590 | _aInventariado, 203/BT | ||
| 700 | 1 |
_aHernández Arbeláez, Iván, _eeditor _983865 |
|
| 700 | 1 |
_aCárdenas, Miguel, _eilustración _983866 |
|
| 910 | _aBtavárez | ||
| 942 |
_2ddc _cLBS1 |
||
| 999 |
_c31576 _d31576 |
||